Culture Général : Le Football - Statistiques

Statistiques générales
  • Ce quiz a été pris 1 135 fois
  • Le résultat moyen est 8 sur 10
Statistiques - réponses
Question Réponse % Correct
Dans quel club n'a jamais joué Lionel Messi ? Boca Junior (Argentine)
99%
Combien de Ballon d'Or a remporté le français Antoine Griezmann ? 0
97%
Combien de Ligue des Champions le Real Madrid a-t-il remporté ? 14
93%
Dans quel stade joue le club de l'AS Monaco Louis II
87%
Qui était le sélectionneur de l'équipe de France à la Coupe du Monde 1998 ? Aimé Jacquet
85%
Avec quel club l'entraineur José Mourinho remporte la Ligue des champions, à la surprise générale, en 2004 ? FC Porto
81%
Quel club Français a remporté 7 fois consécutivement la Ligue 1 entre 2002 et 2008 Olympique Lyonnais
80%
Quel est le club italien ayant gagné le plus de championnat ? Juventus Turin
64%
Dans lequel de ces clubs le croate Ivan Perisic a-t-il joué ? FC Sochaux-Montbéliard
44%
Quel joueur a été le premier à être transféré pour un montant de 100 Millions € ? Gareth Bale
33%
Aucun quiz correspondant
Distribution des résultats
% des personnes avec chaque résultat
Percentile par nombre de réponses
Votre historique - résultats
Vous n’avez pas pris ce quiz